000
00397nam a22001697a 4500
003
MPLRDC
005
20220104144233.0
008
210129b ||||| |||| 00| 0 eng d
082
_a
857.62 CSX
100
_a
船山馨
245
_a
夜路岌岌
_c
250
_a
一版一刷
260
_a
_b
江苏人民出版社
_c
1986
300
_b
平
650
_a
推理小说
942
_c
BK
_o
857.62 CSX
999
_c
47711
_d
47701